Statystyki dla Państwa Ameryki Północnej A-Z

Kliknij tutaj aby rozwiązać quiz!

Ogólne statystyki

  • Ten quiz został rozwiązany 246 razy
    (206 od ostatniego zresetowania)
  • Średni wynik to 10 z 12

Statystyki odpowiedzi

-Państwa% Poprawnych
KKanada | Kostaryka | Kuba
96%
SSaint Kitts i Nevis |
Saint Lucia | Saint Vincent i
Grenadyny | Salwador | Stany
Zjednoczone
95%
HHaiti | Honduras
92%
BBahamy | Barbados | Belize
91%
DDominika | Dominikana
86%
JJamajka
86%
MMeksyk
84%
GGrenada | Gwatemala
80%
PPanama
79%
AAntigua i
Barbuda
76%
NNikaragua
76%
TTrynidad i Tobago
63%

Rozkład punktacji

Percentyl według liczby udzielonych odpowiedzi

Procent ludzi z każdym wynikiem

Twoja historia wyników

Nie rozwiązałeś tego quizu od ostatniego zresetowania